Movies Quiz

Random Movies Quiz
Score 0/10 Timer 08:00
0 Plays Today
Hint Answer % Correct
Big House BunnyBugs
99.3%
Duck AmuckBugs
99.3%
Ducking The DevilDaffy
90.5%
Rabbit RampageElmer
79.1%
Hare BrushElmer
79.1%
Dough For The Do-DoDo-do
53.4%
Mouse MenaceThe Mouse
41.9%
Rabbit RhapsodyThe Mouse
41.9%
Soup or SonicWile E.
35.1%
Rabbit TransitCecil Turtle
29.7%
Remove Ads.
Support Sporcle.
Get the best of Sporcle when you Go Orange. This ad-free experience offers more features, more stats, and more fun while also helping to support Sporcle. Thank you for becoming a member.

You're not logged in!

Compare scores with friends on all Sporcle quizzes.
OR
Log In

Show Comments

Extras

Created Sep 28, 2013ReportNominate
Tags:end, Looney Tunes, Melody, tune, Win

Top Quizzes Today


Score Distribution

Your Account Isn't Verified!

In order to create a playlist on Sporcle, you need to verify the email address you used during registration. Go to your Sporcle Settings to finish the process.

Report this User

Report this user for behavior that violates our Community Guidelines.

Details: